[Event "Challenge"]
[Site "http://www.queenalice.com/game.php?id=214115"]
[Date "2007.5.21"]
[Round "-"]
[White "alexnu"]
[Black "LittleBigHorse"]
[Result "0-1"]
[WhiteElo "1655"]
[BlackElo "1825"]

1. g4 e6 2. Bg2 d5 3. h3 c5 4. d4 cxd4 5. Qxd4 Nc6 6. Qa4 Bd7 7. Nc3 Nf6 8. Bg5
Be7 9. Qf4 O-O 10. Nf3 Qa5 11. O-O h6 12. Bh4 d4 13. Bxf6 Bxf6 14. Ne4 Be7 15.
Rfd1 e5 16. Qd2 Qxd2 17. Rxd2 Rfd8 18. a3 Be6 19. Rad1 Rac8 20. c3 dxc3 21. Nxc3
Rxd2 22. Rxd2 Rd8 23. Rxd8+ Bxd8 24. Ne4 b6 25. e3 Bc7 26. Nc3 a6 27. Nd2 Na5
28. b4 Nc4 29. Nxc4 Bxc4 30. Nd5 Bd8 31. Nc3 a5 32. b5 Be7 33. Bc6 Bb3 34. Bd5
Bxd5 35. Nxd5 Bc5 36. a4 Kf8 37. Kg2 f6 38. Kf3 Kf7 39. Ke4 g6 40. f4 exf4 41.
Nxf4 Bd6 0-1

[Event "Challenge"]
[Site "http://www.queenalice.com/game.php?id=264897"]
[Date "2007.9.1"]
[Round "-"]
[White "TMG"]
[Black "LittleBigHorse"]
[Result "1-0"]
[WhiteElo "2011"]
[BlackElo "1806"]

1. e4 e6 2. d4 d5 3. Nc3 Bb4 4. e5 b6 5. Qg4 Bf8 6. Bg5 Qd7 7. O-O-O Nc6 8. Nf3
Bb7 9. Bb5 h6 10. Be3 O-O-O 11. a3 a6 12. Bd3 Kb8 13. Qh5 f5 14. Nh4 g5 15. Bxg5
hxg5 16. Qxh8 gxh4 17. Qxh4 Bh6+ 18. Kb1 Qg7 19. f4 Qxg2 20. Rhg1 Qf3 21. Ne2
Qe3 22. Rg6 Bf8 23. Rxg8 1-0

[Event "Challenge"]
[Site "http://www.queenalice.com/game.php?id=295914"]
[Date "2007.10.31"]
[Round "-"]
[White "Mike36bh"]
[Black "LittleBigHorse"]
[Result "0-1"]
[WhiteElo "1681"]
[BlackElo "1791"]

1. d4 Nf6 2. Nc3 e6 3. Bf4 d5 4. a3 c5 5. e3 Qa5 6. Nf3 Ne4 7. b4 cxb4 8. Nxe4
dxe4 9. Ne5 bxa3+ 10. Ke2 Bb4 11. f3 O-O 12. fxe4 Nc6 13. Kf2 Nxe5 14. Bxe5 Bd7
15. g4 Ba4 16. g5 Rac8 17. Bd3 Qd8 18. h4 Bd6 19. Bxd6 Qxd6 20. e5 Qe7 21. Rg1
Rc3 22. h5 b5 23. Rg2 b4 24. Qd2 Rfc8 25. Ra2 b3 26. cxb3 Bxb3 27. Ra1 Qb4 28.
Kf3 Bd5+ 29. Kf4 Bxg2 30. g6 fxg6 31. hxg6 Qf8+ 32. Kg3 Qf3+ 33. Kh2 Qh3+ 34.
Kg1 Qh1+ 35. Kf2 Rf8+ 0-1

[Event "Let Battle Commence!"]
[Site "http://www.queenalice.com/game.php?id=313856"]
[Date "2007.12.2"]
[Round "-"]
[White "Lucian"]
[Black "LittleBigHorse"]
[Result "0-1"]
[WhiteElo "1298"]
[BlackElo "1834"]

1. e4 e6 2. d3 d5 3. Qf3 dxe4 4. dxe4 e5 5. Be3 Nf6 6. h3 Be7 7. Nd2 O-O 8. Be2
c5 9. Nc4 Nc6 10. c3 b6 11. Qg3 Qc7 12. Bh6 g6 0-1

[Event "Challenge"]
[Site "http://www.queenalice.com/game.php?id=335202"]
[Date "2008.1.12"]
[Round "-"]
[White "joaohumberto"]
[Black "LittleBigHorse"]
[Result "0-1"]
[WhiteElo "1597"]
[BlackElo "1832"]

1. d4 Nf6 2. f3 d5 3. Nd2 e6 4. c4 c6 5. b3 Bb4 6. c5 Bc3 7. Rb1 Bxd4 8. Ba3 Qa5
9. b4 Qxa3 10. Qc2 Bxg1 11. Rxg1 Qe3 12. Rh1 O-O 13. Rb3 Qe5 14. g3 Nbd7 15. Re3
Qc7 16. a4 b6 17. Rc3 bxc5 18. bxc5 Ba6 19. Bg2 Rfb8 20. Kf2 Rb4 21. h4 Rab8 22.
h5 Rb2 23. Qc1 R8b4 24. Rh4 Rxh4 25. Qxb2 Rxh5 26. g4 Rh4 27. Nf1 Qf4 28. Rb3
Nxg4+ 29. Ke1 Ngf6 30. e3 Qc7 31. Ng3 Qxg3+ 32. Kd1 Rh2 33. f4 g6 34. e4 Qxg2
35. Qxg2 Rxg2 36. e5 Ne4 37. Kc1 Nexc5 38. Rb4 Nd3+ 39. Kd1 Nxb4 40. Ke1 Nc2+
41. Kd1 Re2 42. Kc1 Ne3 43. a5 Nc5 44. Kb1 Nb3 45. f5 Bd3# 0-1

[Event "Challenge"]
[Site "http://www.queenalice.com/game.php?id=350751"]
[Date "2008.2.8"]
[Round "-"]
[White "LittleBigHorse"]
[Black "Eclesiastes"]
[Result "1/2-1/2"]
[WhiteElo "1836"]
[BlackElo "1742"]

1. c4 Nf6 2. Nc3 g6 3. g3 Bg7 4. Bg2 O-O 5. Nf3 d5 6. cxd5 Nxd5 7. O-O Nf6 8. d4
c6 9. e4 Bg4 10. Qd3 Qd7 11. Ne2 Rd8 12. Re1 Na6 13. a3 Nc5 14. Qc2 Ne6 15. Ne5
Qd6 16. Nxg4 Nxg4 17. f3 Bxd4+ 18. Nxd4 Qxd4+ 19. Kh1 Nf2+ 20. Kg1 Ng4+ 1/2-1/2

[Event "Horse Vs. Cow"]
[Site "http://www.queenalice.com/game.php?id=389530"]
[Date "2008.4.18"]
[Round "-"]
[White "LittleBigHorse"]
[Black "Rapha66"]
[Result "1-0"]
[WhiteElo "1839"]
[BlackElo "1852"]

1. c4 d5 2. cxd5 Qxd5 3. Nc3 Qa5 4. d4 e6 5. Nf3 Bb4 6. Bd2 Bd7 7. Ne5 Nf6 8. g3
Nc6 9. Nxd7 Nxd7 10. a3 Bxc3 11. Bxc3 Qd5 12. f3 O-O 13. Bg2 Nb6 14. O-O Rad8
15. e4 Qd7 16. Qd2 Nxd4 17. Rfd1 Nb3 18. Qxd7 Rxd7 19. Rxd7 Nxd7 20. Rd1 Nb6 21.
Bf1 Re8 22. Bb5 c6 23. Bf1 f6 24. f4 Nc5 25. e5 Kf7 26. exf6 gxf6 27. b4 Ne4 28.
Bd4 Rd8 29. Be2 Rd5 30. Bf3 f5 31. Be2 h6 32. Kg2 c5 33. bxc5 Nxc5 34. Bxc5 Rxc5
35. Rb1 Rc7 36. Kh3 Nd5 37. Bf3 b6 38. Rd1 Nf6 39. Rd3 1-0

[Event "Challenge"]
[Site "http://www.queenalice.com/game.php?id=474417"]
[Date "2008.10.8"]
[Round "-"]
[White "ORNELAS"]
[Black "LittleBigHorse"]
[Result "0-1"]
[WhiteElo "1669"]
[BlackElo "1856"]

1. b3 Nf6 2. g3 d5 3. d3 c6 4. Bg2 Bf5 5. a4 e6 6. Bd2 Be7 7. Bf4 Nbd7 8. Nf3
O-O 9. Nh4 Bg6 10. Nxg6 hxg6 11. Bg5 e5 12. h4 Nh7 13. Bd2 f5 14. Bc1 Qb6 15.
O-O Rae8 16. Be3 Bc5 17. Bxc5 Qxc5 18. e3 Nhf6 19. Bh3 d4 20. e4 Nh5 21. exf5 e4
22. fxg6 e3 23. Bg4 Nhf6 24. Be2 Qe5 25. Kg2 Re6 26. f3 Nd5 27. Qe1 Rxg6 28. f4
Nxf4+ 29. Kh2 Nxe2 30. Rxf8+ Nxf8 31. Qxe2 Qxg3+ 32. Kh1 Qxh4+ 33. Qh2 Qe1+ 34.
Qg1 Qxg1# 0-1

[Event "Challenge"]
[Site "http://www.queenalice.com/game.php?id=509435"]
[Date "2008.12.18"]
[Round "-"]
[White "LittleBigHorse"]
[Black "georgelin"]
[Result "1-0"]
[WhiteElo "1877"]
[BlackElo "1848"]

1. c4 e5 2. Nc3 Bc5 3. g3 Qf6 4. Ne4 Qc6 5. f3 Nf6 6. Nxc5 Qxc5 7. b3 Nc6 8. Bb2
d6 9. e3 Be6 10. Ne2 Nb4 11. Nc3 O-O 12. a3 Nc6 13. b4 Nxb4 14. axb4 Qxb4 15.
Ba3 Qb6 16. Rb1 Qc6 17. d3 b6 18. Bg2 Qd7 19. O-O Rfe8 20. Qc2 c5 21. f4 Ng4 22.
Qe2 exf4 23. Rxf4 Nh6 24. Bxa8 Rxa8 25. Qf3 a6 26. Rxb6 Qc7 27. Qxa8+ 1-0

[Event "Challenge"]
[Site "http://www.queenalice.com/game.php?id=511179"]
[Date "2008.12.22"]
[Round "-"]
[White "roda"]
[Black "LittleBigHorse"]
[Result "1-0"]
[WhiteElo "1978"]
[BlackElo "1887"]

1. c4 c5 2. Nc3 Nc6 3. Nf3 Nf6 4. h3 d5 5. e3 e6 6. cxd5 Nxd5 7. Bb5 Bd7 8. Ne4
Qc7 9. d4 Be7 10. Bxc6 Bxc6 11. Nxc5 Bxc5 12. dxc5 Qa5+ 13. Bd2 Qxc5 14. O-O O-O
15. a3 Rfd8 16. b4 Qd6 17. Re1 Nf6 18. Nd4 Be8 19. Ra2 Ne4 20. Qb1 Nxd2 21. Rxd2
Qa6 22. Qb2 Qa4 23. f4 g6 24. g4 Rac8 25. Red1 1-0

[Event "Challenge"]
[Site "http://www.queenalice.com/game.php?id=511180"]
[Date "2008.12.22"]
[Round "-"]
[White "LittleBigHorse"]
[Black "roda"]
[Result "1-0"]
[WhiteElo "1865"]
[BlackElo "2003"]

1. c4 e5 2. Nc3 b6 3. d4 Bd6 4. Nf3 Nf6 5. dxe5 Bxe5 6. Nxe5 O-O 7. e3 Bb7 8.
Nf3 Qe7 9. Be2 Na6 10. O-O Nc5 11. b3 Rad8 12. Bb2 c6 13. Qc2 d5 14. cxd5 cxd5
15. Nd4 Nfe4 16. Nxe4 dxe4 17. Nf5 Qd7 18. Nxg7 Qd2 19. Rac1 f6 20. Nf5 Nd3 21.
Qxd2 1-0

[Event "Marechal-do-Ar MONTENEGRO"]
[Site "http://www.queenalice.com/game.php?id=577476"]
[Date "2009.4.25"]
[Round "-"]
[White "uegfelipe"]
[Black "LittleBigHorse"]
[Result "0-1"]
[WhiteElo "1252"]
[BlackElo "1875"]

1. d4 Nf6 2. Nc3 d5 3. f4 Bf5 4. e3 e6 5. Bd3 Bxd3 6. Qxd3 c6 7. Nf3 Bd6 8. h4
Na6 9. g3 Qc7 10. Ne5 Nb4 0-1

[Event "Challenge"]
[Site "http://www.queenalice.com/game.php?id=635444"]
[Date "2009.8.12"]
[Round "-"]
[White "LittleBigHorse"]
[Black "shimon"]
[Result "1-0"]
[WhiteElo "1892"]
[BlackElo "1528"]

1. c4 e6 2. g3 d6 3. Bg2 Be7 4. Nf3 c6 5. d4 Nf6 6. Nc3 O-O 7. O-O d5 8. cxd5
exd5 9. Qc2 Ng4 10. Re1 Nd7 11. Bd2 b5 12. a3 b4 13. Na4 Bb7 14. axb4 Nb6 15.
Nxb6 axb6 16. h3 Nf6 17. Ne5 Qc7 18. g4 Bd6 19. Nd3 Bh2+ 20. Kh1 Bd6 21. Bg5 Qe7
22. e4 dxe4 23. Bxe4 Qd8 24. b5 Rc8 25. bxc6 Ba8 26. d5 h6 27. Bxf6 Qxf6 28. Ra7
Qh4 29. Bg2 f5 30. Qc3 Rf7 31. Rxf7 Kxf7 32. Ne5+ Kg8 33. gxf5 Re8 34. Nf3 Rc8
35. Nxh4 1-0

[Event "Challenge"]
[Site "http://www.queenalice.com/game.php?id=700265"]
[Date "2009.12.19"]
[Round "-"]
[White "horsemen"]
[Black "LittleBigHorse"]
[Result "0-1"]
[WhiteElo "1329"]
[BlackElo "1880"]

1. d4 Nf6 2. e3 e6 3. c4 c5 4. b3 cxd4 5. Qxd4 Nc6 6. Qh4 Be7 7. Nc3 Nd5 8. Ne4
Bxh4 9. g3 Bf6 10. Nxf6+ Nxf6 11. Nf3 b6 12. Bb2 Bb7 13. Rd1 Qe7 14. Bd3 O-O 15.
Ne5 Nxe5 16. Bc2 Bxh1 17. Bxe5 Bg2 18. Ke2 Rfc8 19. Rg1 Bb7 20. f4 b5 21. Bd3 d6
22. Bc3 d5 23. Bxf6 Qxf6 24. Rc1 dxc4 25. bxc4 bxc4 26. Bxc4 Ba6 27. Kd3 Bxc4+
28. Rxc4 Rxc4 29. Kxc4 Qb2 30. h4 Rc8+ 31. Kd3 f5 32. a4 Qc2+ 33. Kd4 Rd8+ 34.
Ke5 Qe4# 0-1

[Event "Challenge"]
[Site "http://www.queenalice.com/game.php?id=711051"]
[Date "2010.1.9"]
[Round "-"]
[White "Saintsalles"]
[Black "LittleBigHorse"]
[Result "0-1"]
[WhiteElo "1746"]
[BlackElo "1882"]

1. d4 Nf6 2. Bg5 Ne4 3. e3 Nxg5 4. h4 Ne4 5. Bd3 d5 6. Bxe4 dxe4 7. d5 c6 8.
dxc6 Nxc6 9. Nc3 Qa5 10. Ne2 Bg4 11. O-O f5 12. Qe1 e6 13. Nf4 Kf7 14. a3 Be7
15. b4 Qe5 16. Rd1 Bxd1 17. Nxd1 Bxh4 18. g3 Be7 19. f3 Rad8 20. fxe4 Qxe4 21.
Rf2 Ne5 22. Qe2 Ng4 23. Rf3 Rd2 24. Qf1 Nh2 25. Nf2 Qxf3 26. Qe1 Qxg3+ 27. Kh1
Nf3 28. Qf1 Qh2# 0-1

[Event "Challenge"]
[Site "http://www.queenalice.com/game.php?id=735531"]
[Date "2010.2.21"]
[Round "-"]
[White "galo4kid"]
[Black "LittleBigHorse"]
[Result "0-1"]
[WhiteElo "1698"]
[BlackElo "1897"]

1. e4 e6 2. g3 d5 3. e5 c5 4. d4 Qb6 5. Nf3 Nc6 6. c3 cxd4 7. Nxd4 Nxe5 8. b4 a6
9. Be3 Qd8 10. Bg2 Bd7 11. O-O Nf6 12. Bh3 Be7 13. f3 O-O 14. a4 Nc4 15. Bc1 Rc8
16. Qd3 Re8 17. a5 e5 18. Nf5 e4 19. fxe4 dxe4 20. Qe2 Bb5 21. Qc2 Ne5 22. Rd1
Qc7 23. Nxe7+ Qxe7 24. Bxc8 Nf3+ 25. Kg2 Rxc8 26. Be3 Ng4 27. h3 Nxe3+ 28. Kf2
Nxc2 29. Ra2 Bd3 30. Rxd3 exd3 31. Kxf3 Qe2+ 32. Kf4 Rc4+ 0-1

[Event "Challenge"]
[Site "http://www.queenalice.com/game.php?id=755288"]
[Date "2010.4.2"]
[Round "-"]
[White "LittleBigHorse"]
[Black "Saintsalles"]
[Result "0-1"]
[WhiteElo "1909"]
[BlackElo "1668"]

1. c4 e5 2. Nc3 Bb4 3. Nd5 Bc5 4. g3 c6 5. b4 Bd4 6. Nc3 d6 7. Qc2 g6 8. Bb2 Bf5
9. d3 Nf6 10. Bg2 Bxc3+ 11. Bxc3 O-O 12. e4 Be6 13. Ne2 Nbd7 14. O-O a6 15. Rab1
d5 16. cxd5 cxd5 17. exd5 Bxd5 18. Qb2 Bxg2 19. Kxg2 Re8 20. Rfe1 Ng4 21. h3
Ngf6 22. Ng1 b5 23. Rbd1 Qb8 24. Re2 Re6 25. Rde1 Qb7+ 26. Kh2 Rae8 27. a3 Qc7
28. Re3 Nd5 29. Bxe5 Nxe5 30. Rxe5 Rxe5 31. Rxe5 Rxe5 32. d4 Re8 0-1

[Event "Challenge"]
[Site "http://www.queenalice.com/game.php?id=816029"]
[Date "2010.8.10"]
[Round "-"]
[White "Saintsalles"]
[Black "LittleBigHorse"]
[Result "1-0"]
[WhiteElo "1732"]
[BlackElo "1883"]

1. e4 e6 2. e5 d6 3. Nf3 dxe5 4. Nxe5 Bd6 5. Nc4 Nf6 6. Nxd6+ Qxd6 7. Nc3 O-O 8.
Qe2 b6 9. Nb5 Qc6 10. Nd4 Qc5 11. c3 Ba6 12. d3 e5 13. Nb3 Qc6 14. Be3 Nbd7 15.
c4 Rfe8 16. f3 Rad8 17. Qd2 Nf8 18. Be2 Bxc4 19. O-O Ne6 20. Nc1 Qb7 21. Qc3 Qd5
22. dxc4 1-0

[Event "Challenge"]
[Site "http://www.queenalice.com/game.php?id=816030"]
[Date "2010.8.10"]
[Round "-"]
[White "LittleBigHorse"]
[Black "Saintsalles"]
[Result "1-0"]
[WhiteElo "1861"]
[BlackElo "1637"]

1. c4 e5 2. Nc3 Bb4 3. Nd5 Bc5 4. g3 c6 5. b4 Bd4 6. Nc3 d5 7. e3 Bxc3 8. dxc3
Be6 9. c5 Nf6 10. Bg2 e4 11. f3 exf3 12. Bxf3 O-O 13. Ne2 Nbd7 14. O-O Bh3 15.
Bg2 Bxg2 16. Kxg2 Ne4 17. Bb2 Qg5 18. Nf4 Ne5 19. Qe2 g6 20. Nh3 Qh6 21. Rf4 g5
22. Rxe4 dxe4 23. c4 a6 24. Bxe5 f6 25. Bd6 Rf7 26. Qg4 Re8 27. Rf1 Qg6 28. Qf5
Qxf5 29. Rxf5 Kg7 30. g4 Re6 31. a4 Kg6 32. Rf1 f5 33. gxf5+ Rxf5 34. Rxf5 Kxf5
35. Nf2 g4 36. Kg3 Rg6 37. Bf4 h5 38. Bd6 Rh6 39. Kh4 Rh8 40. Nh1 Kg6 41. Ng3
Rh7 42. Nxe4 Rf7 43. Bf4 Re7 44. Nd6 Rd7 45. Bg3 Re7 46. Bf4 Rh7 47. e4 Re7 48.
Bg5 Rg7 49. Bf4 Rh7 50. Bg5 Rc7 51. Bd8 Rd7 52. Bg5 Rh7 53. Bd8 Rd7 54. Bg5 Rh7
55. e5 Kg7 56. e6 1-0